| 000 | 01139cam a2200265 4500 | ||
|---|---|---|---|
| 008 | 090401t1996 xxu||||| |||| 00| 0 eng d | ||
| 020 | _a1860811167 | ||
| 035 | _a(Sirsi) u62441 | ||
| 041 | _aeng | ||
| 050 | _a690.072 | ||
| 110 | _aBuilding Research Establishment | ||
| 245 | _aSustainable construction : an agenda for innovation. Proceedings of the BRE 75th Anniversary International Conference, Monday 13 May 1996, Queen Elizabeth II Conference Centre, London. | ||
| 260 |
_aWatford _bCRC Ltd. _c1996 |
||
| 300 | _aiv,66p. ; 30cm. | ||
| 350 | _a15 | ||
| 490 |
_aBRE Building Renewal _v317 |
||
| 520 | _aPapers:- The social and economic context./ HALL, P. - The user`s view./ NEWENS, M. - The designer`s view./ MacCORMAC, R. - The contractor`s view./ SHEPHERD, P. - A European perspective./ CONTZEN, J-P. - A US perspective./ BERSTEIN, H.M. - Developing a UK perspective./ HEPPER, E. | ||
| 650 | _aCONSTRUCTING THE FUTURE | ||
| 650 | _aENVIRONMENTALLY FRIENDLY BUILDINGS | ||
| 650 | _aSUSTAINABLE CONSTRUCTION | ||
| 650 | _aSUSTAINABLE DEVELOPMENT | ||
| 690 | _aBUILT ENVIRONMENT | ||
| 942 | _n0 | ||
| 948 | _c04/03/1997 | ||
| 999 |
_c94413 _d94413 |
||